| 000 | 00502nam a22001577a 4500 | ||
|---|---|---|---|
| 005 | 20250223171629.0 | ||
| 008 | 250223b |||||||| |||| 00| 0 eng d | ||
| 020 | _a0864330316 | ||
| 050 |
_aRL71 _b.C63 |
||
| 100 | _aReeves, John R. T. | ||
| 245 |
_aClinical Dermatology Illustrated/ _ba regional approach _cJohn R. T. Reeves & Howard Maibach |
||
| 260 |
_aSydney _bWilliams & Wilkins. Adis Pty Limited _c1987 |
||
| 300 |
_a329p. _bill. some color _c28cm |
||
| 700 | _aMaibach, Howard | ||
| 942 |
_2lcc _cBK _n0 |
||
| 999 |
_c4218 _d4218 |
||